000 00692 a2200205 4500
003 0
005 20160609161548.0
008 110518t xxu||||| |||| 00| 0 eng d
040 _aBUAC
_bFre
_cBUC
041 _aFre
100 _lFre
_aRousseau, Jean-Jacques
_917163
245 _aDisours sur les sciences et les arts :
_b Discours sur l'origine et les fondements de l'inégalités parmis les hommesde l'inégalité
_cJean-Jacques Rousseau
260 _aParis
_bFlammarion
_c1971
300 _a243 p .
_c18 cm .
440 _a(GF Flammarion)
_917164
630 _aPHILOSOPHIE
_917165
650 _aMorale : philosophie
_917166
650 _aInégalité : philosophie
_917167
942 _cLIVR
999 _c39420
_d39420